Magic matt and the skunk in the tub / (Record no. 5212)

MARC details
000 -LEADER
fixed length control field 01090nam a22003017a 4500
001 - CONTROL NUMBER
control field 5212
003 - CONTROL NUMBER IDENTIFIER
control field FISKH
005 - DATE AND TIME OF LATEST TRANSACTION
control field 20241119102723.0
008 - FIXED-LENGTH DATA ELEMENTS--GENERAL INFORMATION
fixed length control field 241119b cb ||||| |||| 00| 0 eng d
020 ## - INTERNATIONAL STANDARD BOOK NUMBER
International Standard Book Number 9780439405706
040 ## - CATALOGING SOURCE
Original cataloging agency FISKH
Language of cataloging eng
Transcribing agency FISKH
Modifying agency FISKH
050 ## - LIBRARY OF CONGRESS CALL NUMBER
Classification number PZ7.M1257
082 ## - DEWEY DECIMAL CLASSIFICATION NUMBER
Classification number 514
100 ## - MAIN ENTRY--PERSONAL NAME
Personal name Maccarone, Grace
245 ## - TITLE STATEMENT
Title Magic matt and the skunk in the tub /
Statement of responsibility, etc. by Grace Maccarone Illustrated by Norman Bridwell
250 ## - EDITION STATEMENT
Edition statement First printing in 2003
260 ## - PUBLICATION, DISTRIBUTION, ETC.
Place of publication, distribution, etc. New York :
Name of publisher, distributor, etc. Scholastic,
Date of publication, distribution, etc. 2003.
300 ## - PHYSICAL DESCRIPTION
Extent 21 pages :
Other physical details Color illustrations ;
Dimensions 23 cm
505 ## - FORMATTED CONTENTS NOTE
Formatted contents note L<br/>
520 ## - SUMMARY, ETC.
Summary, etc. When Magic Max tries to conjure up a rubber duck to play with while he takes a bath, he makes a skunk appear instead and must think of a way to get rid of the terrible smell. Includes Matt's magic words and a list of other words that have a soft "u" sound.
521 8# - TARGET AUDIENCE NOTE
Target audience note 510L<br/>
Source Lexile<br/>
521 8# - TARGET AUDIENCE NOTE
Target audience note L<br/>
Source Raz-Plus<br/>
650 ## - SUBJECT ADDED ENTRY--TOPICAL TERM
Source of heading or term Fantasy
Topical term or geographic name entry element Level G
650 ## - SUBJECT ADDED ENTRY--TOPICAL TERM
Source of heading or term Early reader
Topical term or geographic name entry element Magic
700 ## - ADDED ENTRY--PERSONAL NAME
Personal name Bridwell, Norman
Dates associated with a name Illustrator
942 ## - ADDED ENTRY ELEMENTS (KOHA)
Source of classification or shelving scheme Dewey Decimal Classification
Koha item type Books
Suppress in OPAC No
Holdings
Withdrawn status Lost status Source of classification or shelving scheme Damaged status Not for loan Collection Home library Current library Shelving location Date acquired Total Checkouts Full call number Barcode Date last seen Copy number Price effective from Koha item type
    Dewey Decimal Classification     Fiction Footprints International School Library Network Toul Kork Campus Footprints International School Library Network Toul Kork Campus TK Primary Library Room(4th Floor), Bookcase 3&4, Shelves 17-32, Yellow Books 11/19/2024   MAC 514 PZ7.M1257 2024-2333 11/19/2024 1 11/19/2024 Books